100 Best High School Football Teams 2025 - Statistics

General Stats
  • This quiz has been taken 13 times
  • The average score is 5 of 100
Answer Stats
Ranking State School % Correct
9 CA Mater Dei
40%
18 CA St John Bosco
40%
3 NV Bishop Gorman
30%
7 FL IMG
30%
40 TX Allen
20%
69 NJ Bergen Catholic
20%
15 OK Bixby
20%
1 GA Buford
20%
14 MD DeMatha
20%
23 TX DeSoto
20%
2 MD St Frances
20%
76 TX Aledo
10%
24 AZ Basha
10%
5 GA Carrollton
10%
8 CA Centennial
10%
64 AZ Chandler
10%
30 CA De La Salle
10%
27 TX Duncanville
10%
85 SC Dutch Fork
10%
6 LA Edna Karr
10%
13 GA Grayson
10%
12 NC Grimsley
10%
39 NC Hough
10%
58 PA La Salle
10%
71 TX Lone Star
10%
99 VA Maury
10%
48 CA Mission Viejo
10%
28 TX Southlake Carroll
10%
21 TX South Oak Cliff
10%
10 FL St. Thomas Aquinas
10%
94 FL American Heritage
0%
70 OH Anderson
0%
75 CA Archbishop Riodran
0%
73 MD Archbishop Spalding
0%
55 OH Avon
0%
16 TN Baylor
0%
86 OH Bishop Watterson
0%
43 TN Brentwood Academy
0%
88 IL Brother Rice
0%
22 IN Brownsburg
0%
57 AR Bryant
0%
60 FL Cardinal Mooney
0%
82 FL Cardinal Newman
0%
52 MI Cass Tech
0%
80 CA Cathedral Catholic
0%
32 MI Catholic Central
0%
49 FL Central
0%
50 AL Central
0%
98 CA Central East
0%
87 FL Chaminade-Madonna
0%
37 CO Cherry Creek
0%
54 IL Chicago Mt Carmel
0%
20 AL Clay-Chalkville
0%
83 GA Colquitt County
0%
38 UT Corner Canyon
0%
19 GA Creekside
0%
45 NJ Don Bosco Prep
0%
72 GA Douglas County
0%
68 OH Elder
0%
33 CA Folsom
0%
41 GA Gainesville
0%
46 AZ Hamilton
0%
92 AL Jackson
0%
97 FL Lake Mary
0%
59 TX Lake Travis
0%
42 GA Langston Hughes
0%
62 AZ Libery
0%
77 UT Lone Peak
0%
81 GA Lowndes
0%
47 TN McCallie
0%
51 NE Millard South
0%
53 TN Nashville Christian
0%
79 TX North Crowley
0%
67 GA North Gwinnett
0%
26 TX North Shore
0%
35 FL Northwestern
0%
34 TN Oakland
0%
29 OH Olentangy Orange
0%
44 CA Orange Lutheran
0%
61 TX Prosper
0%
65 NC Providence Day
0%
25 FL Raines
0%
100 TX Randle
0%
74 PA Roman Catholic
0%
56 GA Roswell
0%
4 CA Santa Margarita
0%
89 AL Saraland
0%
17 CA Sierra Canyon
0%
63 TX Smithson Valley
0%
90 SC South Pointe
0%
96 TX Stephenville
0%
31 NJ St Joseph Regional
0%
66 OH St. Xavier
0%
11 GA Thomas County Central
0%
36 AL Thompson
0%
91 KY Trinity
0%
78 GA Valdosta
0%
93 TX Waxahachie
0%
95 NC Weddington
0%
84 FL West Boca Raton
0%
No matching quizzes found
Score Distribution
Percent of People with Each Score
Percentile by Number Answered
Your Score History
You have not taken this quiz